000 01187nam a2200241 a 4500
001 000041786
005 20201002035744.0
008 131030s2004 sp ad 000 0 spa d
020 _a840008215x
040 _aDO-SdBNP
_bspa
_cBNPHU
100 1 _aPérez Yruela, Manuel
_959677
245 1 3 _aPobreza y exclusión social en el Principado de Asturias /
_cManuel Pérez Yruela, Gregorio Rodríguez Cabrero y Manuel Trujillo Carmona ; con la colaboración de José María Pérez Hernández en los capítulos 4 y 5.
260 _aCórdoba :
_bInstituto de Estudios Sociales Avanzados de Andalucía
_bConsejo Superior de Investigaciones Científicas,
_c2004.
300 _a524 p. :
_bil.gráf. ;
_c24 cm.
490 1 _aPoliteya. Estudios de Economía y Sociedad
_v20
504 _aBibliografía : p. 289-321
504 _aIncluye referencias bibliográficas y notas al pie de las páginas
710 2 _aConsejo Superior de Investigaciones Científicas (España)
_915178
700 1 _aRodríguez Cabrero, Gregorio
_915698
700 1 _aTrujillo Carmona, Manuel
_959679
700 1 _aPérez Hernández, José María
_968645
830 0 _aPoliteya. Estudios de Economía y Sociedad ;
_v20
_968646
999 _c41275
_d41275